Электронные компоненты: ежемесячный журнал

Бібліографічні деталі
Мова:Російська
Опубліковано: М., 2003-
Предмети:
Онлайн доступ:http://www.elcomdesign.ru/magazine/newissue/
https://elibrary.ru/title_about.asp?id=9885
Формат: Електронний ресурс Періодика
KOHA link:https://koha.lib.tpu.ru/cgi-bin/koha/opac-detail.pl?biblionumber=385605

MARC

LEADER 00000nas1a2200000 4500
001 385605
005 20231101063400.0
035 |a (RuTPU)RU\TPU\prd\13512 
090 |a 385605 
100 |a 20030512a20039999k y0rusy50 ca 
101 0 |a rus 
102 |a RU 
110 |a afaz|||0uu0 
200 1 |a Электронные компоненты  |e ежемесячный журнал 
210 |a М.  |d 2003- 
469 |0 (RuTPU)RU\TPU\subscr\1281 
610 1 |a электроника 
610 1 |a электрические соединения 
610 1 |a разъемы 
610 1 |a адаптеры 
610 1 |a соединители 
610 1 |a микроконтроллеры 
610 1 |a интефейсы 
610 1 |a силовая электроника 
610 1 |a технологии 
610 1 |a материалы 
610 1 |a оборудование 
610 1 |a стандарты 
675 |a 621.38 
801 1 |a RU  |b 63413507  |c 20030512  |g PSBO 
801 2 |a RU  |b 63413507  |c 20180116  |g PSBO 
856 4 |u http://www.elcomdesign.ru/magazine/newissue/ 
856 4 |u https://elibrary.ru/title_about.asp?id=9885 
942 |c CR 
969 |0 001RU\TPU\subscr\1281